co najczęściej pożyczamy od sąsiadów? - Statystyki

Ogólne statystyki
  • Ten quiz został rozwiązany 66 razy
  • Średni wynik to 4 z 9
Statystyki odpowiedzi
Odpowiedź % Poprawnych
Cukier
98%
Sól
72%
Mąkę
60%
Pieniądze
44%
Olej
26%
Młotek
18%
Wiertarkę
18%
Drabinę
8%
Krzesła
8%
Nie znaleziono quizów pasujących do podanych kryteriów
Rozkład punktacji
Procent ludzi z każdym wynikiem
Percentyl według liczby udzielonych odpowiedzi
Twoja historia wyników
Nie rozwiązałeś tego quizu